000
00322nam a22001457a 4500
008
210322b ||||| |||| 00| 0 eng d
020
_a
9780132690096
041
_a
eng
080
_2
9th
_a
330.722.6
082
_a
330.722.6
100
_a
61
101
_a
KF
245
_a
Accounting
_c
Horngren, CH. T
942
_2
udc
_c
BK
999
_c
56672
_d
56672